000 01032nam0a22003011 4500
001 RU\INGAK2\INFOCOMM_322\NLR\5000123849
005 20250625202448.0
035 _a(NLR Aleph) 011027460
090 _a11095066
_c11095066
100 _a20121228d1974 |||y0rusy50 ca
101 1 _aspa
_crus
102 _aRU
105 _ay z||||
200 1 _aEl socialismo y la riqueza
_e[Trad. del ruso ...]
_fE. Lazutkin
210 _aM.
_c"Progreso"
_dˆCop.‰1974
215 _a232 с.
_cдиагр.
_d21 см
225 1 _aEl socialismo hoy
300 _aНа обороте тит. л.: Лазуткин Ермолай Семенович. Социализм и богатство
517 1 _aСоциализм и богатство
_zrus
606 0 _aСоциализм
_91189997
_3RU\NLR\AUTH\66480143
620 _aМосква
686 _aУ011.7
_2rubbk
700 1 _aLazutkin
_bE. S.
_gErmolaj Semenovič
801 1 _aRU
_bInfoComm
_c20121228
801 0 _aRU
_bNLR
_gPSBO
852 _aNLR
_jЭк15 Д-3/72
942 _cBOOK
980 _aNB